| 000 | 00689nam a2200253Ia 4500 | ||
|---|---|---|---|
| 005 | 20250425162728.0 | ||
| 008 | 250425s9999 xx 000 0 und d | ||
| 020 | _a8498200458 | ||
| 041 | _aspa | ||
| 043 | _aec | ||
| 082 |
_a036 _pBLA |
||
| 100 | _aBlancafort, Alex | ||
| 245 | 0 |
_aFísica y química : energía y materia _cAlex Blancafort y Ricard Regas |
|
| 250 | _aPrimera edición | ||
| 260 |
_aBarcelona _bSol 90 _c2005 |
||
| 300 |
_a143 páginas _bilustraciones _c21 cm. _e+ 1 CD , 1 Manual |
||
| 650 | _aEnergía y materia | ||
| 650 | _aFísica | ||
| 650 | _aQuímica | ||
| 700 | _aRegas, Ricard | ||
| 902 |
_aMonográfico _cImpreso |
||
| 942 | _c01 | ||
| 010 | _a103514 | ||
| 999 |
_c235240 _d235240 |
||